| 000 | 00665nam a2200241Ia 4500 | ||
|---|---|---|---|
| 003 | OSt | ||
| 005 | 20220923225514.0 | ||
| 006 | a|||||r|||| 00| 0 | ||
| 007 | ta | ||
| 008 | 220922b |||||||| |||| 00| 0 pl d | ||
| 024 | _a269,603 | ||
| 037 | _cTextual | ||
| 040 |
_aARTS _cARTS _bpl |
||
| 041 |
_2pl _apl |
||
| 082 | _aQ4:51, 151K8 | ||
| 100 | _aधर्मरक्षित, संपा. | ||
| 245 | 0 | _aश्रामणेर विनय | |
| 246 | _aShrāmaṇer vinaya | ||
| 260 | _c1968 | ||
| 650 | _aधर्म | ||
| 942 |
_hQ4:51, 151K8 _cTEXL _2CC |
||
| 999 |
_c378680 _d378680 |
||